000
00314nam a2200109Ia 4500
008
171211s9999 xx 000 0 und d
245
4
_a
The Scandinavian cookbook
245
_c
Culinary Arts Institute
260
_c
1973
650
_x
Family and Friendship
856
_u
http://down.ebook777.com/035/9780832605130.pdf
999
_c
350246
_d
350246